Guess the flag (easy) - Statistics

General Stats
  • This quiz has been taken 366 times
  • The average score is 13 of 16
Answer Stats
Picture Answer % Correct
USA
99%
Canada
98%
China
95%
France
95%
Spain
95%
Russia
93%
India
92%
Italy
92%
Egypt
86%
Finland
84%
Lebanon
82%
Cyprus
78%
Brazil
72%
Colombia
70%
Madagascar
51%
Vatican City
27%
No matching quizzes found
Score Distribution
Percent of People with Each Score
Percentile by Number Answered
Your Score History
You have not taken this quiz